• 首页
  • 本馆介绍
  • 公告通知
  • 最新文献
  • 馆藏检索
  • 电子资源
  • 读者导购
  • 参考咨询
  • 我的图书馆
  • 登录
  • 详细信息显示
  • 放入我的书架
  • 预约/预借图书
  • 作者相关作品
  • 分类相关作品
  • 丛书相关作品
  • 出版社相关作品

书目信息

  • 表格格式
  • 工作单格式
  • 卡片格式
题名:
学海泛舟
    
 
作者: 王通讯 著
分册:  
出版信息: 石家庄   河北人民出版社  1981.04
页数: 161页
开本: 19cm
丛书名:
单 册:
中图分类: D432.63
科图分类:
主题词: 青年--学习--问题--中国
电子资源:
ISBN:
000 00516nam0 2200193 45
001 0305201603
005 20060816172844.65
010    @dCNY0.41
091    @a3086.850
100    @a20030520d1981 km y0chiy0120 ea
101 0  @achi
200 1  @a学海泛舟@AXue Hai Fan Zhou@f王通讯著@FWang Tong Xun Zhu
210    @a石家庄@c河北人民出版社@d1981.04
215    @a161页@d19cm
606 0  @a青年@x学习@x问题@x中国
690    @aD432.63@v3
701  0 @a王通讯@4著
801    @aCN@bTSTC@c20060816
905    @dD432.63@e142@f1@b67245
    
    学海泛舟/王通讯著.-石家庄:河北人民出版社,1981.04
    161页;19cm
    
    
    ISBN :CNY0.41
    
●
相关链接 在E读中查询图书 在五车中查询图书 在当当中查询图书 在豆瓣中查询图书


正题名:学海泛舟     索取号:D432.63/142         预约/预借

序号 登录号 条形码 馆藏地/架位号 状态 备注
1 0057027   001719849   密集书库/ [索取号:D432.63/142] 在馆    
2 0057029   001811926   密集书库/ [索取号:D432.63/142] 在馆    
3 0067242   202151018   密集书库/ [索取号:D432.63/142] 在馆    
4 0067243   001666977   密集书库/ [索取号:D432.63/142] 在馆    
5 0067245   000375365   第一样本阅览室/ [索取号:D432.63/142] 在馆    
6 0447296   204472962   密集书库/ [索取号:D432.63/142] 在馆    
唐山师范学院图书馆 欢迎您!
大连网信软件有限公司© 版权所有